000 00285nam a2200121Ia 4500
008 190216s9999||||xx |||||||||||||| ||und||
100 _aRaisingh Ania. M.D
245 0 _aIntegral Transforms
250 _a1st Ed.
260 _bS Chand & Co
_c1988
650 _aMathematics
942 _cBK
999 _c30992
_d30992